| 000 | 01283cam a2200349 a 4500 | ||
|---|---|---|---|
| 001 | 7689908 | ||
| 003 | OSt | ||
| 005 | 20150408114136.0 | ||
| 006 | m d | ||
| 007 | cr n | ||
| 008 | 130804s2011 ne a f b 001 0 eng d | ||
| 020 | _a9780750683975 (alk. paper) | ||
| 020 | _a9788131218563 | ||
| 040 | _aMa-Un | ||
| 082 | 0 | 0 |
_222 _a621.381 _bGLD |
| 100 | 1 |
_aGrout, Ian. _936385 |
|
| 210 | 1 | 0 | _aDigital systems design with FPGAs and CPLDs |
| 245 | 1 | 0 |
_aDigital systems design with FPGAs and CPLDs / _cIan Grout. |
| 260 |
_aAmsterdam ; _aBoston : _bElsevier / Newnes, _cc2011. |
||
| 300 |
_a724 p. : _bill. ; _c25 cm. |
||
| 500 | _aIncludes index | ||
| 504 | _aIncludes bibliographical references (p. 707-715) . | ||
| 506 | _aLicense restrictions may limit access. | ||
| 650 | 0 |
_aDigital electronics. _911733 |
|
| 650 | 0 |
_aDigital circuits _xDesign and construction. _936386 |
|
| 650 | 0 |
_aField programmable gate arrays. _936387 |
|
| 650 | 0 |
_aProgrammable logic devices. _936388 |
|
| 773 | 0 | _tReferex Electronics and Electrical Engineering | |
| 856 | 4 | 0 |
_uhttp://www.columbia.edu/cgi-bin/cul/resolve?clio7689908 _zFull text available from Referex Electronics and Electrical Engineering |
| 910 | _aLibrary of Congress record | ||
| 942 |
_2ddc _cBOOK |
||
| 999 |
_c30289 _d264789 |
||